| 000 | 00768nam a22002417a 4500 | ||
|---|---|---|---|
| 005 | 20170124110105.0 | ||
| 010 | _aA-588425 | ||
| 020 |
_c00.00 _a8185182752 |
||
| 035 | _aA-588425 | ||
| 037 | _bCen Lib/Ret | ||
| 040 |
_aDPL _bEN |
||
| 082 |
_a954.11 _bKAU |
||
| 100 |
_aKaul, Shridhar _927969 |
||
| 245 |
_aLadakh through the ages : _cby Shridhar Kaul [and] H.N.Kaul _btowards a new identity / |
||
| 260 |
_bIndus Publishing Comapny _aNew Delhi _c1992 |
||
| 270 |
_aFS-5, Tagore Garden _bNew Delhi |
||
| 300 |
_a368p. : _c21cm(Hb) _bill. |
||
| 500 | _aIncludes bibliographical references and index | ||
| 650 |
_aLadākh (India) -- History _927970 |
||
| 650 |
_aLadakh _927971 |
||
| 700 |
_aKaul, H.N. _918066 |
||
| 942 |
_2ddc _cEN _h954.11 _mKAU |
||
| 999 |
_c129979 _d129979 |
||